00708nam a2200193Ia 4500952014700000999001500147003000400162005001700166008004100183020001800224040000900242082002200251100002600273245006800299260006700367300000900434650002100443942005000464 00102ddc40708e-CommerceaMESbMEScMANAGEMENTd2019-02-20g425.00l0o658.840285 MIN/Wp35473r2020-09-17 00:00:00w2019-02-20yBKzGL56R4 c9048d9048OSt20201012100608.0190216s9999||||xx |||||||||||||| ||und|| a9780074637425 coclc a658.840285bMIN/W aMinoli, Daniel 95560 0aWeb Commerce Technology Handbook /cDaniel Minoli ; Emma Minoli bTata Mcgraw-Hill Education Private Limited,c2010.aNew Delhi: a621p aComputer Science cBK2ddch658.840285iMIN/Wk658.840285mMIN/W